La Herencia de Sanabria: análisis político de la iglesia costarricense

Guardat en:
Dades bibliogràfiques
Autor principal: Solís, Javier
Format: Text
Publicat: San José: DEI
Etiquetes: Afegir etiqueta
Sense etiquetes, Sigues el primer a etiquetar aquest registre!

MARC

LEADER 00000 a a2200000 04500
001 23054
003
040
090 |a 157900  
100 |a Solís, Javier  
245 |a La Herencia de Sanabria: análisis político de la iglesia costarricense  
260 |a San José:   |b DEI  
300 |a 173 p  
999 |c 7309  |d 7309